We've got a job : (Record no. 3226)

MARC details
000 -LEADER
fixed length control field 01452cam a2200337 a 4500
001 - CONTROL NUMBER
control field 3226
003 - CONTROL NUMBER IDENTIFIER
control field FISKH
005 - DATE AND TIME OF LATEST TRANSACTION
control field 20240220153013.0
008 - FIXED-LENGTH DATA ELEMENTS--GENERAL INFORMATION
fixed length control field 110808t20112012gauab j b 001 0 eng
010 ## - LIBRARY OF CONGRESS CONTROL NUMBER
LC control number 2011031738
020 ## - INTERNATIONAL STANDARD BOOK NUMBER
International Standard Book Number 9781561456277 (hc)
020 ## - INTERNATIONAL STANDARD BOOK NUMBER
International Standard Book Number 9780545561723
040 ## - CATALOGING SOURCE
Original cataloging agency DLC
Transcribing agency DLC
Modifying agency DLC
Language of cataloging eng
042 ## - AUTHENTICATION CODE
Authentication code pcc
043 ## - GEOGRAPHIC AREA CODE
Geographic area code n-us-al
050 00 - LIBRARY OF CONGRESS CALL NUMBER
Classification number F334.B69
Item number N4476 2011
082 00 - DEWEY DECIMAL CLASSIFICATION NUMBER
Classification number 323.1196/0730761781
Edition number 23
100 1# - MAIN ENTRY--PERSONAL NAME
Personal name Levinson, Cynthia.
245 10 - TITLE STATEMENT
Title We've got a job :
Remainder of title the 1963 Birmingham Children's March /
Statement of responsibility, etc. written by Cynthia Levinson.
250 ## - EDITION STATEMENT
Edition statement First Scholastic printing, February 2013
260 ## - PUBLICATION, DISTRIBUTION, ETC.
Place of publication, distribution, etc. New York :
Name of publisher, distributor, etc. Scholastic,
Date of publication, distribution, etc. 2012
300 ## - PHYSICAL DESCRIPTION
Extent 176 pages :
Other physical details illustrations ; map ;
Dimensions 22 cm
504 ## - BIBLIOGRAPHY, ETC. NOTE
Bibliography, etc. note Includes bibliographical references (p. 170-171) and index.
520 ## - SUMMARY, ETC.
Summary, etc. Discusses the events of the 4,000 African American students who marched to jail to secure their freedom in May 1963.
650 #0 - SUBJECT ADDED ENTRY--TOPICAL TERM
Topical term or geographic name entry element African Americans
General subdivision Civil rights
Geographic subdivision Alabama
-- Birmingham
General subdivision History
Chronological subdivision 20th century
Form subdivision Juvenile literature.
650 #0 - SUBJECT ADDED ENTRY--TOPICAL TERM
Topical term or geographic name entry element Civil rights movements
Geographic subdivision Alabama
-- Birmingham
General subdivision History
Chronological subdivision 20th century
Form subdivision Juvenile literature.
650 #0 - SUBJECT ADDED ENTRY--TOPICAL TERM
Topical term or geographic name entry element African American students
Geographic subdivision Alabama
-- Birmingham
General subdivision History
Chronological subdivision 20th century
Form subdivision Juvenile literature.
650 #0 - SUBJECT ADDED ENTRY--TOPICAL TERM
Topical term or geographic name entry element African American youth
Geographic subdivision Alabama
-- Birmingham
General subdivision History
Chronological subdivision 20th century
Form subdivision Juvenile literature.
906 ## - LOCAL DATA ELEMENT F, LDF (RLIN)
a 7
b cbc
c orignew
d 1
e ecip
f 20
g y-gencatlg
942 ## - ADDED ENTRY ELEMENTS (KOHA)
Source of classification or shelving scheme Dewey Decimal Classification
Koha item type Books
Suppress in OPAC No
Holdings
Withdrawn status Lost status Source of classification or shelving scheme Damaged status Not for loan Collection Home library Current library Shelving location Date acquired Total Checkouts Full call number Barcode Date last seen Price effective from Koha item type
    Dewey Decimal Classification     Non-Fiction Footprints International School Library Network Toul Kork Campus Footprints International School Library Network Toul Kork Campus   02/20/2024   LEV 323.1196 F334.B69 FISSE01479 02/20/2024 02/20/2024 Books